Memoria presentada al Il. Congreso de la Unión por el periodo comprendido de Septiembre de 1935 a Agosto de 1936 / (Record no. 102094)

MARC details
000 -LEADER
campo de control de longitud fija 00594nam a2200157 i 4500
001 - NÚMERO DE CONTROL
campo de control 102094
003 - IDENTIFICADOR DE NÚMERO DE CONTROL
campo de control ES-MaACL
005 - FECHA Y HORA DE LA ÚLTIMA TRANSACCIÓN
campo de control 20230906183037.0
007 - CAMPO FIJO DE DESCRIPCIÓN FÍSICA--INFORMACIÓN GENERAL
campo de control de longitud fija t|
008 - DATOS DE LONGITUD FIJA--INFORMACIÓN GENERAL
campo de control de longitud fija 051103s1936 mx ||||1| spa d
110 2# - ENTRADA PRINCIPAL--NOMBRE DE ENTIDAD CORPORATIVA
Nombre de entidad corporativa o nombre de jurisdicción como elemento de entrada México.
Unidad subordinada Departamento del Distrito Federal.
9 (RLIN) 5694
245 10 - MENCIÓN DEL TÍTULO
Título Memoria presentada al Il. Congreso de la Unión por el periodo comprendido de Septiembre de 1935 a Agosto de 1936 /
Mención de responsabilidad, etc. Departamento del Distrito Federal (México).
260 ## - PUBLICACIÓN, DISTRIBUCIÓN, ETC.
Lugar de publicación, distribución, etc. México :
Nombre del editor, distribuidor, etc. [s.n.],
Fecha de publicación, distribución, etc. 1936 (
Fabricante Tall. Graf. de Penitenciaria)
300 ## - DESCRIPCIÓN FÍSICA
Extensión 284 p. con lám. ;
Dimensiones 23 cm.
852 ## - LOCALIZACIÓN
Ubicación ES-MaACL
Número de control de estantería A-4781
Holdings
Estatus retirado Estado de pérdida Estado de daño No para préstamo Biblioteca de origen Biblioteca actual Ubicación en estantería Fecha de adquisición Fuente de adquisición Total de préstamos Signatura topográfica completa Código de barras Visto por última vez Precio de reemplazo Tipo de ítem Koha
        Biblioteca del Ateneo de Madrid Biblioteca del Ateneo de Madrid Sala Pecera Planta 1 17/01/2008     A-4781 1106579 23/02/2023 23/02/2023 Libro impreso